Wird geladen...

Folk tales of Bihar /

Bibliographische Detailangaben
Weitere Verfasser: Roy,, Chaudhury P C
Format: Printed Book
Sprache:English
Veröffentlicht: New Delhi: Sahitya Akademi, 1968.
Ausgabe:1st ed.
Schlagworte:
LEADER 00624cam a2200205ua 4500
008 060815t1968||||||||||| 00 ||eng c
020 |a 81-7201-629-8 
041 0 |a eng 
082 |a 398.209 541 2  |b  ROY/F 
245 1 0 |a Folk tales of Bihar /  
250 |a 1st ed. 
260 |a New Delhi:  |b Sahitya Akademi,  |c 1968. 
300 |a xxiii, 132p.. 
362 1 |a 1968. 
365 |a Rs.40/-  |e hb 
650 0 |a Folk literature 
700 0 2 |a Roy,, Chaudhury P C 
942 |c BK 
999 |c 7301  |d 7301 
952 |0 0  |1 0  |4 0  |6 398_209000000000000_541_2_ROY  |7 0  |9 7646  |a KUCL  |b KUCL  |d 2014-05-23  |l 0  |o 398.209 541 2 ROY/  |p 00551  |r 2014-05-23  |w 2014-05-23  |y BK